Statistics for Radiohead Albums (Updated)

Click here to take the quiz!

General Stats

  • This quiz has been taken 83 times
  • The average score is 8 of 9

Answer Stats

Year Album % Correct
1993Pablo Honey
99%
1997OK Computer
99%
1995The Bends
97%
2000Kid A
97%
2007In Rainbows
95%
2001Amnesiac
93%
2003Hail to the Thief
92%
2016A Moon Shaped Pool
89%
2011The King of Limbs
88%

Score Distribution

Percentile by Number Answered

Percent of People with Each Score

Your Score History

You have not taken this quiz